[Event "RB-2015-0-00282"]
[Site "LSS email"]
[Date "2015.06.27"]
[Round "?"]
[White "Kudr, Roman"]
[Black "Luigini, Ottavio"]
[Result "1/2-1/2"]
[WhiteElo "2184"]
[BlackElo "2001"]
[PlyCount "51"]
[EventDate "2015.05.02"]
[EventType "tourn (corr)"]
[EventRounds "6"]
[EventCountry "GER"]
[SourceTitle "Corr 2022"]
[Source "ChessBase"]
[SourceDate "2021.10.24"]
[SourceVersion "1"]
[SourceVersionDate "2021.10.24"]
[SourceQuality "1"]

1. d4 Nf6 2. c4 g6 3. Nc3 d5 4. Nf3 Bg7 5. Bf4 0-0 6. Rc1 dxc4 7. e4 Bg4 8. Bxc4 Nh5 9. Be3 Bxf3 10. gxf3 e5 11. dxe5 Bxe5 12. Qxd8 Rxd8 13. 0-0 Nc6 14. Nd5 Na5 15. Bg5 Rd7 16. Bb5 c6 17. b4 cxb5 18. bxa5 Re8 19. Be3 a6 20. Rfd1 f6 21. Kg2 Red8 22. Bb6 Re8 23. Be3 Kf7 24. f4 Bb2 25. Rc2 Ba3 26. Kf3 1/2-1/2

[Event "RB-2015-0-00282"]
[Site "LSS email"]
[Date "2015.06.27"]
[Round "?"]
[White "Luigini, Ottavio"]
[Black "Latib, Ali"]
[Result "1/2-1/2"]
[WhiteElo "2001"]
[BlackElo "2013"]
[PlyCount "86"]
[EventDate "2015.05.02"]
[EventType "tourn (corr)"]
[EventRounds "6"]
[EventCountry "GER"]
[SourceTitle "Corr 2022"]
[Source "ChessBase"]
[SourceDate "2021.10.24"]
[SourceVersion "1"]
[SourceVersionDate "2021.10.24"]
[SourceQuality "1"]

1. e4 Nc6 2. Nf3 e5 3. d4 exd4 4. Nxd4 Nf6 5. Nxc6 bxc6 6. e5 Qe7 7. Qe2 Nd5 8. c4 Ba6 9. b3 g6 10. f4 d6 11. Qf2 Nf6 12. Be2 dxe5 13. Ba3 Qe6 14. fxe5 Bxa3 15. Nxa3 Nd7 16. 0-0 Nxe5 17. Nc2 0-0 18. Nb4 Bb7 19. Nd3 Nxd3 20. Bxd3 c5 21. Rad1 Qb6 22. Bc2 Rac8 23. Rd7 Qe6 24. Rdd1 Rce8 25. Rde1 Qd7 26. Qxc5 Rxe1 27. Rxe1 Qd2 28. Qf2 Rd8 29. Be4 Bxe4 30. Rxe4 Qc1+ 31. Re1 Rd1 32. Kf1 h6 33. Rxd1 Qxd1+ 34. Qe1 Qd4 35. Qa5 c6 36. Ke2 Qe4+ 37. Kf2 Qf4+ 38. Kg1 Qd4+ 39. Kf1 Kg7 40. Ke2 Qg4+ 41. Kf1 Qf4+ 42. Kg1 Qd4+ 43. Kf1 g5 1/2-1/2

[Event "RB-2015-0-00280"]
[Site "LSS email"]
[Date "2015.05.29"]
[Round "?"]
[White "Luigini, Ottavio"]
[Black "Hatsek, Werner"]
[Result "1/2-1/2"]
[WhiteElo "2001"]
[BlackElo "2017"]
[PlyCount "56"]
[EventDate "2015.04.04"]
[EventType "tourn (corr)"]
[EventRounds "6"]
[EventCountry "GER"]
[SourceTitle "Corr 2022"]
[Source "ChessBase"]
[SourceDate "2021.10.24"]
[SourceVersion "1"]
[SourceVersionDate "2021.10.24"]
[SourceQuality "1"]

1. e4 c5 2. Nc3 Nc6 3. g3 Nf6 4. Nge2 g6 5. Bg2 Bg7 6. 0-0 d6 7. d3 0-0 8. h3 Bd7 9. Be3 Qc8 10. Kh2 Ne8 11. Qd2 Nd4 12. Bg5 Qd8 13. Nxd4 cxd4 14. Ne2 f6 15. Bh6 Bxh6 16. Qxh6 e5 17. c3 Rc8 18. Rac1 Qb6 19. Qd2 dxc3 20. Nxc3 Nc7 21. f4 Kg7 22. a3 Nb5 23. Nd5 Qd8 24. Rxc8 Bxc8 25. h4 Nd4 26. Bh3 Bxh3 27. Kxh3 Qd7+ 28. Kg2 Rc8 1/2-1/2

[Event "RB-2015-0-00280"]
[Site "LSS email"]
[Date "2015.05.29"]
[Round "?"]
[White "Monteverde, Italo"]
[Black "Luigini, Ottavio"]
[Result "1/2-1/2"]
[WhiteElo "2182"]
[BlackElo "2001"]
[PlyCount "135"]
[EventDate "2015.04.04"]
[EventType "tourn (corr)"]
[EventRounds "6"]
[EventCountry "GER"]
[SourceTitle "Corr 2022"]
[Source "ChessBase"]
[SourceDate "2021.10.24"]
[SourceVersion "1"]
[SourceVersionDate "2021.10.24"]
[SourceQuality "1"]

1. d4 Nf6 2. c4 g6 3. Nc3 d5 4. cxd5 Nxd5 5. e4 Nxc3 6. bxc3 Bg7 7. Bc4 c5 8. Ne2 Nc6 9. Be3 0-0 10. 0-0 Bg4 11. f3 Na5 12. Bd3 cxd4 13. cxd4 Be6 14. Rc1 Bxa2 15. Qa4 Bb3 16. Qb4 b6 17. Rc3 Be6 18. Nf4 Bd7 19. Nd5 e6 20. Ne7+ Kh8 21. e5 b5 22. Ra1 Nc4 23. Bxc4 bxc4 24. Rxc4 a5 25. Qc5 a4 26. Bg5 Qa5 27. Qxa5 Rxa5 28. Rc7 Be8 29. Nc8 f6 30. exf6 Rxf6 31. Bxf6 Bxf6 32. Kf1 Bxd4 33. Rd1 a3 34. Rxd4 a2 35. Rd1 a1Q 36. Rxa1 Rxa1+ 37. Kf2 Ra2+ 38. Kg3 Bb5 39. Nd6 Bf1 40. Kf4 Rxg2 41. h4 Bd3 42. Ke5 Rf2 43. Nf7+ Kg8 44. Nh6+ Kh8 45. Rf7 Bb5 46. f4 Be8 47. Re7 Bc6 48. Rc7 Ba4 49. Rb7 Bc6 50. Re7 Rh2 51. Nf7+ Kg8 52. Nd8 Rxh4 53. Nxc6 Rh5+ 54. Kxe6 Rf5 55. Ra7 Rxf4 56. Ne7+ Kf8 57. Nd5 Rf1 58. Rxh7 Re1+ 59. Kf6 Rf1+ 60. Kxg6 Rg1+ 61. Kf6 Rf1+ 62. Ke6 Re1+ 63. Kf5 Rf1+ 64. Nf4 Ke8 65. Ke5 Re1+ 66. Kd6 Rd1+ 67. Nd5 Kf8 68. Ra7 1/2-1/2

[Event "RB-2015-0-00279"]
[Site "LSS email"]
[Date "2015.05.16"]
[Round "?"]
[White "Galus, Stanislaw"]
[Black "Luigini, Ottavio"]
[Result "1/2-1/2"]
[WhiteElo "1800"]
[BlackElo "2001"]
[PlyCount "88"]
[EventDate "2015.03.08"]
[EventType "tourn (corr)"]
[EventRounds "6"]
[EventCountry "GER"]
[SourceTitle "Corr 2022"]
[Source "ChessBase"]
[SourceDate "2021.10.24"]
[SourceVersion "1"]
[SourceVersionDate "2021.10.24"]
[SourceQuality "1"]

1. d4 Nf6 2. c4 g6 3. Nc3 d5 4. Nf3 Bg7 5. Qb3 dxc4 6. Qxc4 0-0 7. e4 a6 8. Qb3 b5 9. e5 Nfd7 10. h4 c5 11. e6 c4 12. exf7+ Rxf7 13. Qd1 Nb6 14. h5 Nc6 15. hxg6 hxg6 16. Be3 Bf5 17. Ng5 Nxd4 18. Nxf7 Kxf7 19. Rc1 Qd7 20. Rh7 Rd8 21. Qxd4 Qxd4 22. Bxd4 Rxd4 23. g3 g5 24. Rh5 Kg6 25. Be2 g4 26. Rh2 Nd5 27. a4 Nxc3 28. bxc3 Rd6 29. axb5 axb5 30. Rh4 Re6 31. Kf1 Kg5 32. Bd1 Rd6 33. f4+ gxf3 34. Bxf3 Rd3 35. Ke2 Bxc3 36. Rh5+ Kf6 37. g4 Bd7 38. Rf1 Ke6 39. g5 Kd6 40. g6 Bg7 41. Rb1 Be8 42. Be4 Rd4 43. Rd1 Rxd1 44. Kxd1 Bd7 1/2-1/2

[Event "RB-2015-0-00279"]
[Site "LSS email"]
[Date "2015.05.16"]
[Round "?"]
[White "Luigini, Ottavio"]
[Black "Ederer, Karel"]
[Result "1/2-1/2"]
[WhiteElo "2001"]
[BlackElo "1988"]
[PlyCount "72"]
[EventDate "2015.03.08"]
[EventType "tourn (corr)"]
[EventRounds "6"]
[EventCountry "GER"]
[SourceTitle "Corr 2022"]
[Source "ChessBase"]
[SourceDate "2021.10.24"]
[SourceVersion "1"]
[SourceVersionDate "2021.10.24"]
[SourceQuality "1"]

1. e4 e5 2. Nf3 Nc6 3. d4 exd4 4. Nxd4 Nf6 5. Nxc6 bxc6 6. e5 Qe7 7. Qe2 Nd5 8. c4 Ba6 9. b3 g6 10. g3 Bg7 11. Bb2 0-0 12. Bg2 Rae8 13. 0-0 Bxe5 14. Qxe5 Qxe5 15. Bxe5 Rxe5 16. cxd5 Bxf1 17. Kxf1 cxd5 18. Nd2 c6 19. b4 Rb8 20. a3 a5 21. Nf3 Re4 22. Ne1 Ree8 23. Nd3 axb4 24. axb4 Ra8 25. Rxa8 Rxa8 26. Ke2 Kf8 27. Ke3 Ke7 28. Kd4 Kd6 29. Bf3 Kc7 30. Kc3 Ra3+ 31. Kd4 d6 32. Bg2 Kb6 33. h4 h6 34. Nc1 Ra1 35. Nd3 Ra4 36. Kc3 Ra3+ 1/2-1/2

[Event "SB-2011-0-00164"]
[Site "LSS email"]
[Date "2011.06.27"]
[Round "?"]
[White "Banshchikov, Valery Vasilyevich"]
[Black "Luigini, Ottavio"]
[Result "0-1"]
[WhiteElo "1871"]
[BlackElo "1966"]
[PlyCount "110"]
[EventDate "2011.06.13"]
[EventType "tourn (corr)"]
[EventRounds "6"]
[EventCountry "GER"]
[SourceTitle "Telechess CBM 157"]
[Source "ChessBase"]
[SourceDate "2013.11.12"]
[SourceVersion "1"]
[SourceVersionDate "2013.11.12"]
[SourceQuality "1"]

1. d4 Nf6 2. c4 g6 3. Nc3 d5 4. cxd5 Nxd5 5. Bd2 Bg7 6. e4 Nb6 7. Be3 0-0 8. Be2 Nc6 9. Nf3 Bg4 10. d5 Bxf3 11. gxf3 Na5 12. Bd4 Qd6 13. Bxg7 Kxg7 14. Qd2 Qf6 15. h4 h5 16. f4 Nac4 17. Qc1 e6 18. e5 Qf5 19. b3 Na5 20. Qa3 exd5 21. Qxa5 Qxf4 22. Qc5 d4 23. Nb5 d3 24. Bxd3 Rfe8 25. Kf1 Rxe5 26. Qd4 Qxd4 27. Nxd4 Rd5 28. Bxg6 Kxg6 29. Ne2 Kh6 30. Rh3 Re8 31. Nc3 Rd4 32. Rd1 Rxd1+ 33. Nxd1 Re5 34. Ne3 Kg7 35. Rg3+ Kf8 36. Ke2 Nd5 37. Kf3 Nc3 38. Rg1 Nxa2 39. Ra1 Ra5 40. Kf4 f6 41. Nc2 Ra6 42. Nd4 Nb4 43. Rxa6 Nxa6 44. Kf5 Kf7 45. Ne6 b5 46. Nd8+ Ke7 47. Nc6+ Kd6 48. Nxa7 c6 49. Kg6 Nc5 50. Kxh5 Nxb3 51. Kg4 Nd4 52. h5 Ne6 53. Kf3 Kc7 54. Ke4 Kb7 55. Nxb5 cxb5 0-1

[Event "SB-2011-0-00164"]
[Site "LSS email"]
[Date "2011.06.27"]
[Round "?"]
[White "Morcin, Tom"]
[Black "Luigini, Ottavio"]
[Result "0-1"]
[WhiteElo "1932"]
[BlackElo "1966"]
[PlyCount "114"]
[EventDate "2011.06.13"]
[EventType "tourn (corr)"]
[EventRounds "6"]
[EventCountry "GER"]
[SourceTitle "Telechess CBM 157"]
[Source "ChessBase"]
[SourceDate "2013.11.12"]
[SourceVersion "1"]
[SourceVersionDate "2013.11.12"]
[SourceQuality "1"]

1. c4 e5 2. Nc3 Nc6 3. g3 g6 4. Bg2 Bg7 5. Rb1 a5 6. a3 Nf6 7. d3 0-0 8. Nf3 d6 9. 0-0 Nd4 10. b4 axb4 11. axb4 c6 12. b5 Bg4 13. bxc6 bxc6 14. e3 Nxf3+ 15. Bxf3 Bxf3 16. Qxf3 Qc7 17. e4 Nd7 18. Qe2 f5 19. exf5 gxf5 20. Qc2 Nc5 21. Be3 Ne6 22. Kg2 f4 23. Bb6 Qd7 24. f3 fxg3 25. hxg3 Ng5 26. g4 c5 27. Ne4 Ne6 28. Kh1 Ra3 29. Rb2 Nd4 30. Qd1 Ra6 31. Kg2 Rb8 32. Qb1 Qb7 33. Nxd6 Qc6 34. Bxc5 Rxb2+ 35. Qxb2 Qxc5 36. Qb8+ Bf8 37. Ne4 Qe7 38. g5 h6 39. f4 Qd7 40. f5 Nxf5 41. Kg1 Qd4+ 42. Rf2 Qxd3 43. Qxe5 Qd1+ 44. Kh2 Qh5+ 45. Kg1 Qg4+ 46. Rg2 Qd1+ 47. Kh2 Qh5+ 48. Kg1 Bg7 49. Nf6+ Bxf6 50. gxf6+ Kf7 51. Qd5+ Kxf6 52. Qd8+ Kf7 53. Qd5+ Re6 54. c5 Qh3 55. Qd7+ Re7 56. Qd5+ Kf6 57. Qc6+ Re6 0-1

[Event "BI-2010-F-00014"]
[Site "LSS email"]
[Date "2011.02.21"]
[Round "?"]
[White "Bokros, Csaba"]
[Black "Luigini, Ottavio"]
[Result "1/2-1/2"]
[WhiteElo "1031"]
[BlackElo "1960"]
[PlyCount "138"]
[EventDate "2011.02.24"]
[EventType "tourn (corr)"]
[EventRounds "10"]
[EventCountry "GER"]
[SourceTitle "Telechess CBM 151"]
[Source "ChessBase"]
[SourceDate "2012.11.13"]
[SourceVersion "1"]
[SourceVersionDate "2012.11.13"]
[SourceQuality "1"]

1. e4 e5 2. Nf3 Nc6 3. Nc3 Nf6 4. Bb5 Nd4 5. Nxe5 Qe7 6. Nf3 Nxb5 7. Nxb5 Qxe4+ 8. Qe2 Qxe2+ 9. Kxe2 Nd5 10. Re1 f6 11. Kf1+ Kf7 12. d3 a6 13. Nbd4 c5 14. Nb3 d6 15. Bd2 Be7 16. c4 Nb6 17. Na5 d5 18. Rac1 d4 19. b4 Bf5 20. Rxe7+ Kxe7 21. bxc5 Bxd3+ 22. Kg1 Nd7 23. Nxb7 Ne5 24. Nxd4 Nxc4 25. Be1 Be4 26. c6 Bd5 27. f3 Rhb8 28. a3 a5 29. Bg3 Rc8 30. c7 g6 31. Re1+ Kf7 32. Nd6+ Nxd6 33. Bxd6 Re8 34. Rb1 Rec8 35. a4 Be6 36. Kf2 Ra6 37. Rb8 Bd7 38. Bg3 g5 39. Ke3 h5 40. h3 Re8+ 41. Kd3 f5 42. f4 h4 43. Bf2 Ra7 44. Nb5 Bxb5+ 45. Rxb5 Rxc7 46. Rxf5+ Ke6 47. Rxg5 Rd8+ 48. Bd4 Rc1 49. f5+ Kf7 50. Rg7+ Kf8 51. Rg4 Rd1+ 52. Ke3 Re8+ 53. Kf2 Rd2+ 54. Kg1 Ree2 55. f6 Rxg2+ 56. Rxg2 Rxd4 57. Rg4 Rb4 58. Kf2 Rb2+ 59. Kf1 Kf7 60. Rf4 Ra2 61. Kg1 Ra3 62. Kg2 Rg3+ 63. Kh2 Ra3 64. Rxh4 Kxf6 65. Rg4 Kf5 66. Kg2 Rb3 67. Kh2 Ra3 68. Kg2 Rb3 69. Kh2 Ra3 1/2-1/2

[Event "BI-2010-F-00014"]
[Site "LSS email"]
[Date "2011.02.21"]
[Round "?"]
[White "Luigini, Ottavio"]
[Black "Henke, Simon"]
[Result "1-0"]
[WhiteElo "1960"]
[BlackElo "1545"]
[PlyCount "37"]
[EventDate "2011.02.24"]
[EventType "tourn (corr)"]
[EventRounds "10"]
[EventCountry "GER"]
[SourceTitle "Telechess CBM 151"]
[Source "ChessBase"]
[SourceDate "2012.11.13"]
[SourceVersion "1"]
[SourceVersionDate "2012.11.13"]
[SourceQuality "1"]

1. e4 e6 2. d4 d5 3. Nd2 Nf6 4. e5 Nfd7 5. Bd3 c5 6. c3 Nc6 7. Ne2 cxd4 8. cxd4 f6 9. exf6 Nxf6 10. Nf3 Bd6 11. 0-0 0-0 12. Bf4 Bxf4 13. Nxf4 Ne4 14. Qc1 Qf6 15. Ne2 Nd6 16. Qe3 Bd7 17. Rac1 Rae8 18. Ne5 Nxe5 19. dxe5 1-0

[Event "BI-2010-F-00014"]
[Site "LSS email"]
[Date "2011.02.21"]
[Round "?"]
[White "Luigini, Ottavio"]
[Black "Lipsits, Sasha"]
[Result "1/2-1/2"]
[WhiteElo "1960"]
[BlackElo "1695"]
[PlyCount "92"]
[EventDate "2011.02.24"]
[EventType "tourn (corr)"]
[EventRounds "10"]
[EventCountry "GER"]
[SourceTitle "Telechess CBM 151"]
[Source "ChessBase"]
[SourceDate "2012.11.13"]
[SourceVersion "1"]
[SourceVersionDate "2012.11.13"]
[SourceQuality "1"]

1. e4 e5 2. Nf3 Nc6 3. d4 exd4 4. Nxd4 Bc5 5. Be3 Qf6 6. Nb5 Bxe3 7. fxe3 Qh4+ 8. g3 Qxe4 9. Nxc7+ Kd8 10. Nxa8 Nf6 11. Nc3 Qxh1 12. Qd6 Qf3 13. Qc7+ Ke7 14. Qf4 Qxf4 15. exf4 d5 16. Nc7 d4 17. N7d5+ Nxd5 18. Nxd5+ Kd6 19. c4 h5 20. h4 Be6 21. Rc1 Bxd5 22. cxd5 Ne7 23. Kd2 Re8 24. Bb5 Rg8 25. Bd3 Nxd5 26. Rc4 b5 27. Rxd4 Rd8 28. b4 a6 29. Be4 Ke6 30. Bf3 g6 31. a3 Rd6 32. f5+ Ke5 33. Rd3 Nb6 34. fxg6 Nc4+ 35. Kc3 fxg6 36. Rxd6 Nxd6 37. Kd3 Nc4 38. Bb7 Nd6 39. Bxa6 Kd5 40. Ke3 Ke5 41. Kf3 Kf5 42. Kg2 Ke5 43. Kf2 Kf6 44. Ke3 Ke5 45. Kf3 Kf5 46. Ke3 Ke5 1/2-1/2

[Event "BI-2010-F-00014"]
[Site "LSS email"]
[Date "2011.02.21"]
[Round "?"]
[White "Luigini, Ottavio"]
[Black "Vio, Mauro"]
[Result "1-0"]
[WhiteElo "1960"]
[BlackElo "1557"]
[PlyCount "69"]
[EventDate "2011.02.24"]
[EventType "tourn (corr)"]
[EventRounds "10"]
[EventCountry "GER"]
[SourceTitle "Telechess CBM 151"]
[Source "ChessBase"]
[SourceDate "2012.11.13"]
[SourceVersion "1"]
[SourceVersionDate "2012.11.13"]
[SourceQuality "1"]

1. e4 e5 2. Nf3 Nc6 3. d4 exd4 4. Nxd4 Bc5 5. Be3 Bxd4 6. Bxd4 Nf6 7. Nc3 0-0 8. Bxf6 Qxf6 9. Qd2 d5 10. exd5 Re8+ 11. Be2 Nd4 12. 0-0-0 Nxe2+ 13. Nxe2 Qxf2 14. Nc3 Qxd2+ 15. Rxd2 Bd7 16. Rf1 f6 17. Rd4 Re5 18. b3 Rc8 19. Kb2 Kf7 20. a4 a5 21. Rfd1 Kg6 22. R1d2 h6 23. Rc4 b6 24. Nb5 Bxb5 25. axb5 Rd8 26. Rxc7 Rdxd5 27. Rxd5 Rxd5 28. c4 Rd2+ 29. Ka3 Rxg2 30. Rc6 Rxh2 31. Rxb6 Re2 32. Rd6 Re8 33. b6 Rc8 34. b7 Rb8 35. Rd7 1-0

[Event "Di Roseto op 1st"]
[Site "Di Roseto"]
[Date "2010.06.11"]
[Round "8"]
[White "Pienabarca, Nicola"]
[Black "Luigini, Ottavio"]
[Result "1-0"]
[WhiteElo "2097"]
[BlackElo "2067"]
[PlyCount "63"]
[EventDate "2010.06.04"]
[EventType "swiss"]
[EventRounds "9"]
[EventCountry "ITA"]
[SourceTitle "CBM 136 Extra"]
[Source "ChessBase"]
[SourceDate "2010.07.02"]
[SourceVersion "2"]
[SourceVersionDate "2010.07.15"]
[SourceQuality "1"]

1. d4 Nf6 2. Nf3 g6 3. g3 Bg7 4. Bg2 0-0 5. c4 d6 6. 0-0 Nbd7 7. Nc3 e5 8. e4 c6 9. h3 Re8 10. Re1 a6 11. Be3 exd4 12. Nxd4 c5 13. Nde2 Ne5 14. b3 Nc6 15. Qd2 Be6 16. Rad1 Qd7 17. Qxd6 Bxh3 18. Qxd7 Bxd7 19. Bxc5 Rac8 20. Be3 Ne5 21. Bd4 Bc6 22. f4 Neg4 23. e5 Nh5 24. Ne4 Rb8 25. Nd6 Rf8 26. Bd5 Bxd5 27. cxd5 Rfd8 28. Bb6 Rd7 29. Nc4 g5 30. Kg2 gxf4 31. gxf4 Nh6 32. Rh1 1-0

[Event "LSS BI-2010-P-00018"]
[Site "LSS email"]
[Date "2010.04.19"]
[Round "?"]
[White "Sadowski, Marek"]
[Black "Luigini, Ottavio"]
[Result "1-0"]
[WhiteElo "2180"]
[BlackElo "1862"]
[PlyCount "97"]
[EventDate "2010.04.22"]
[EventType "tourn (corr)"]
[EventRounds "10"]
[EventCountry "GER"]
[SourceTitle "Telechess CBM 141"]
[Source "ChessBase"]
[SourceDate "2011.03.17"]
[SourceVersion "1"]
[SourceVersionDate "2011.03.17"]
[SourceQuality "1"]

1. e4 e5 2. Nf3 Nc6 3. Bb5 Nd4 4. Nxd4 exd4 5. 0-0 Bc5 6. d3 c6 7. Ba4 d6 8. Nd2 Ne7 9. a3 0-0 10. b4 Bb6 11. Bb3 d5 12. Bb2 Qd6 13. exd5 cxd5 14. Nf3 Nf5 15. Re1 Bd7 16. Qe2 Rfe8 17. Qd2 Rac8 18. Rxe8+ Rxe8 19. Re1 Rxe1+ 20. Qxe1 Be6 21. g3 h5 22. Qc1 a6 23. Qg5 g6 24. Qc1 Qd8 25. Kg2 Qe7 26. h3 Qd6 27. Qh1 Qe7 28. Qe1 Qd6 29. Qe2 Qe7 30. Kg1 Qd6 31. Bc1 Ne7 32. Bf4 Qd7 33. Qe5 Nc6 34. Qd6 Qxd6 35. Bxd6 Ba7 36. Bc5 Bxc5 37. bxc5 Ne7 38. Kh2 Nf5 39. g4 hxg4 40. hxg4 Nh6 41. Ne5 f6 42. Nxg6 Nxg4+ 43. Kg3 Kf7 44. Nh4 Nh6 45. f4 Ke7 46. f5 Bg8 47. Kf4 Kd7 48. Ba4+ Kd8 49. Nf3 1-0

[Event "LSS BI-2010-P-00018"]
[Site "LSS email"]
[Date "2010.04.19"]
[Round "?"]
[White "Soreghy, Janos"]
[Black "Luigini, Ottavio"]
[Result "1/2-1/2"]
[WhiteElo "1902"]
[BlackElo "1867"]
[PlyCount "78"]
[EventDate "2010.04.22"]
[EventType "tourn (corr)"]
[EventRounds "10"]
[EventCountry "GER"]
[SourceTitle "Telechess CBM 141"]
[Source "ChessBase"]
[SourceDate "2011.03.17"]
[SourceVersion "1"]
[SourceVersionDate "2011.03.17"]
[SourceQuality "1"]

1. Nf3 Nf6 2. c4 c5 3. Nc3 Nc6 4. d4 cxd4 5. Nxd4 e6 6. g3 Qb6 7. Nb3 Ne5 8. e4 Bb4 9. Qe2 d6 10. Bd2 0-0 11. 0-0-0 Bd7 12. f4 Ng6 13. Bg2 Rac8 14. e5 dxe5 15. fxe5 Ne8 16. Rhe1 Bc6 17. Bh3 Nc7 18. Kb1 Rfd8 19. Bg4 a5 20. Be3 Qa6 21. Nc5 Qa8 22. Bf2 b5 23. Rxd8+ Rxd8 24. h4 a4 25. h5 Bxc3 26. bxc3 Ne7 27. Ka1 bxc4 28. h6 Ng6 29. Qxc4 Rd2 30. Nd3 Nd5 31. Bd4 gxh6 32. Nf2 a3 33. Ne4 Rb2 34. Qc5 Kg7 35. Nf6 Nxf6 36. exf6+ Kg8 37. Be2 Be4 38. Qa7 Qxa7 39. Bxa7 Rc2 1/2-1/2

[Event "OP-2010-0-01089"]
[Site "LSS email"]
[Date "2010.02.28"]
[Round "?"]
[White "Hillebrand, Carsten"]
[Black "Luigini, Ottavio"]
[Result "1/2-1/2"]
[WhiteElo "1913"]
[BlackElo "1900"]
[PlyCount "50"]
[EventDate "2010.02.14"]
[EventType "tourn (corr)"]
[EventRounds "4"]
[EventCountry "GER"]
[SourceTitle "Telechess CBM 141"]
[Source "ChessBase"]
[SourceDate "2011.03.17"]
[SourceVersion "1"]
[SourceVersionDate "2011.03.17"]
[SourceQuality "1"]

1. c4 e5 2. g3 Nf6 3. Bg2 Nc6 4. Nc3 Bc5 5. Nf3 d6 6. d3 h6 7. a3 a6 8. b4 Ba7 9. Bb2 0-0 10. 0-0 Be6 11. Rc1 Qd7 12. e3 Rad8 13. Re1 Rfe8 14. Qc2 Ne7 15. c5 Ng6 16. d4 Bf5 17. Qa4 c6 18. dxe5 Nxe5 19. Nxe5 dxe5 20. Red1 Qe7 21. Rxd8 Rxd8 22. Rd1 Bb8 23. Rxd8+ Qxd8 24. Qd1 Qxd1+ 25. Nxd1 Bc7 1/2-1/2

[Event "LSS OP-2009-0-00989"]
[Site "LSS email"]
[Date "2009.11.15"]
[Round "?"]
[White "Moreira Lopes, Jose Carlos"]
[Black "Luigini, Ottavio"]
[Result "1/2-1/2"]
[WhiteElo "1499"]
[BlackElo "2067"]
[PlyCount "86"]
[EventDate "2009.11.01"]
[EventType "tourn (corr)"]
[EventRounds "4"]
[EventCountry "GER"]
[SourceTitle "Telechess CBM 137"]
[Source "ChessBase"]
[SourceDate "2010.07.15"]
[SourceVersion "1"]
[SourceVersionDate "2010.07.15"]
[SourceQuality "1"]

1. d4 Nf6 2. c4 g6 3. Nc3 d5 4. Nf3 Bg7 5. e3 0-0 6. cxd5 Nxd5 7. Bc4 Nb6 8. Be2 c5 9. dxc5 Qxd1+ 10. Bxd1 N6d7 11. e4 Nxc5 12. Bc2 Nc6 13. Be3 b6 14. 0-0-0 Nb4 15. Nd5 Nxd5 16. exd5 Bb7 17. Bxc5 bxc5 18. Rhe1 Rfd8 19. Rxe7 Bh6+ 20. Kb1 Bxd5 21. Re5 Bxf3 22. gxf3 Rxd1+ 23. Bxd1 Rd8 24. Bb3 Bf8 25. Kc2 Bd6 26. Re4 Kf8 27. h3 g5 28. Bc4 Bf4 29. Bd3 h6 30. Rc4 Rd5 31. Ra4 Rd7 32. Rc4 Rc7 33. Re4 f6 34. b3 Be5 35. Re1 h5 36. Bg6 h4 37. Bf5 c4 38. b4 Ke7 39. f4 gxf4 40. Rg1 f3 41. Be4 Bd4 42. Bxf3 Bxf2 43. Rg7+ Kd6 1/2-1/2

[Event "LSS OP-2009-0-00991"]
[Site "LSS email"]
[Date "2009.11.12"]
[Round "?"]
[White "Luigini, Ottavio"]
[Black "Urbaniak, Marcin"]
[Result "1/2-1/2"]
[WhiteElo "2067"]
[BlackElo "1531"]
[PlyCount "84"]
[EventDate "2009.11.04"]
[EventType "tourn (corr)"]
[EventRounds "4"]
[EventCountry "GER"]
[SourceTitle "Telechess CBM 141"]
[Source "ChessBase"]
[SourceDate "2011.03.17"]
[SourceVersion "1"]
[SourceVersionDate "2011.03.17"]
[SourceQuality "1"]

1. e4 e6 2. d4 d5 3. Nd2 c5 4. exd5 exd5 5. Ngf3 Nf6 6. Bb5+ Bd7 7. Bxd7+ Nbxd7 8. 0-0 Be7 9. dxc5 Nxc5 10. Nb3 0-0 11. Nxc5 Bxc5 12. Bg5 Re8 13. Bxf6 gxf6 14. Qd2 Rc8 15. c3 Qb6 16. Rad1 a5 17. b3 Rcd8 18. Qh6 f5 19. Qh4 h6 20. Rfe1 Rxe1+ 21. Rxe1 d4 22. cxd4 Bxd4 23. Nxd4 Rxd4 24. Qg3+ Kh7 25. Qe5 Kg6 26. h3 Rd3 27. Rc1 a4 28. bxa4 Qd4 29. Qe2 Rd2 30. Qe1 Rxa2 31. Rd1 Qc5 32. Rc1 Qd4 33. Rd1 Qe4 34. Rd6+ Kh7 35. Qc1 Qh4 36. Qe3 Rxa4 37. Rd7 Re4 38. Qf3 Kg6 39. Rxb7 Qf4 40. Rb6+ f6 41. Qxf4 Rxf4 42. g3 Rc4 1/2-1/2

[Event "LSS OP-2009-0-00989"]
[Site "LSS email"]
[Date "2009.11.08"]
[Round "?"]
[White "Leisner, Jon S"]
[Black "Luigini, Ottavio"]
[Result "1/2-1/2"]
[WhiteElo "1442"]
[BlackElo "2067"]
[PlyCount "71"]
[EventDate "2009.11.01"]
[EventType "tourn (corr)"]
[EventRounds "4"]
[EventCountry "GER"]
[SourceTitle "Corr 2013"]
[Source "ChessBase"]
[SourceDate "2012.11.12"]
[SourceVersion "1"]
[SourceVersionDate "2012.11.12"]
[SourceQuality "1"]

1. d4 Nf6 2. c4 g6 3. Nc3 d5 4. cxd5 Nxd5 5. e4 Nxc3 6. bxc3 Bg7 7. Be3 c5 8. Qd2 Qa5 9. Rb1 b6 10. Bb5+ Bd7 11. Be2 Bc6 12. Bd3 Nd7 13. Ne2 Rd8 14. 0-0 cxd4 15. Nxd4 Bb7 16. Rb5 Qa3 17. Rb3 Qd6 18. Nb5 Qb8 19. Qe2 0-0 20. f4 a6 21. Na3 Qc8 22. Kh1 Nc5 23. Bxc5 bxc5 24. Nc4 Qc7 25. e5 Qd7 26. Bc2 Bc6 27. Rbb1 Qd5 28. a4 Qd7 29. f5 gxf5 30. Bxf5 e6 31. Bc2 f6 32. Kg1 fxe5 33. Nxe5 Bxe5 34. Qxe5 Bd5 35. Rxf8+ Rxf8 36. Rb8 1/2-1/2

[Event "LSS OP-2009-0-00989"]
[Site "LSS email"]
[Date "2009.11.08"]
[Round "?"]
[White "Luigini, Ottavio"]
[Black "Baer, Werner"]
[Result "0-1"]
[WhiteElo "2067"]
[BlackElo "2023"]
[PlyCount "96"]
[EventDate "2009.11.01"]
[EventType "tourn (corr)"]
[EventRounds "4"]
[EventCountry "GER"]
[SourceTitle "Telechess CBM 137"]
[Source "ChessBase"]
[SourceDate "2010.07.15"]
[SourceVersion "1"]
[SourceVersionDate "2010.07.15"]
[SourceQuality "1"]

1. e4 c5 2. Nc3 Nc6 3. g3 g6 4. Bg2 Nf6 5. d3 Bg7 6. f4 d6 7. Nf3 0-0 8. 0-0 Bd7 9. h3 Qb6 10. Kh2 Rad8 11. Rb1 Nd4 12. Be3 Bg4 13. Bxd4 cxd4 14. Ne2 Bd7 15. Nexd4 e5 16. Ne2 Rfe8 17. c4 a5 18. Nc3 exf4 19. gxf4 Bc6 20. Ng1 Rc8 21. Nge2 Bd7 22. b4 axb4 23. a3 Qa5 24. axb4 Qh5 25. Qd2 Qh6 26. Ra1 Rc7 27. Ra7 Rec8 28. Rfa1 Bg4 29. R1a2 Qh4 30. Ng1 Nh5 31. Nce2 Bh6 32. Qe3 Bxe2 33. Nxe2 Nxf4 34. Qf3 Nxe2 35. Qxe2 Bf4+ 36. Kg1 b5 37. Rxc7 Rxc7 38. Bf1 Rb7 39. Rc2 Qg3+ 40. Qg2 Be3+ 41. Kh1 Qf4 42. Be2 bxc4 43. Rxc4 Ra7 44. Qf1 Qg3 45. Rc8+ Kg7 46. Rc2 Bd4 47. Rc1 Be5 48. Qg2 Qe3 0-1